Gares ferroviaires suisses - La ligne IR36 - Statistiques

Statistiques générales
  • Ce quiz a été pris 25 fois
  • Le résultat moyen est 8 sur 11
Statistiques - réponses
Réponse % Correct
Zürich HB
100%
Bâle CFF / Basel SBB
94%
Zürich Flughafen
81%
Zürich Oerlikon
81%
Baden
75%
Brugg
75%
Dietikon
75%
Rheinfelden
69%
Zürich Altstetten
69%
Frick
63%
Stein-Säckingen
63%
Aucun quiz correspondant
Distribution des résultats
% des personnes avec chaque résultat
Percentile par nombre de réponses
Votre historique - résultats
Vous n’avez pas pris ce quiz